000 00629nam a22001697a 4500
999 _c7969
_d7969
003 GBCCL
005 20241126110640.0
008 181122b ||||| |||| 00| 0 eng d
040 _cGBC
082 _aARCH GBC-2007
_bBUA
100 _aBuansing, Gou Tun Lian
_913906
245 _aA Biblical Study on the Role of Parents and Children in the Family With Special Reference to Paite Tribe in Manipur |
_cGou Tun Lian Buansing
260 _aNew Lamka:
_bGrace Bible College,
_c2007
300 _a73 p.;
_c21 x 28 cm.
650 _aFamily
_vRole of Parents
_vRole of Children
_xPaite
_zLamka
_zChurachandpur
_zManipur
_913907
942 _2ddc
_cTH